Statystyki dla 15 najbardziej dotkniętych krajów Covid-19 - 14 grudnia

Kliknij tutaj aby rozwiązać quiz!

Ogólne statystyki

  • Ten quiz został rozwiązany 31 razy
  • Średni wynik to 13 z 27

Statystyki odpowiedzi

kraj% Poprawnych
Polska
97%
Stany Zjednoczone
97%
Rosja
90%
Niemcy
84%
Włochy
84%
Brazylia
81%
Francja
81%
Hiszpania
74%
Wielka Brytania
71%
Argentyna
61%
Indie
58%
Meksyk
58%
Czechy
52%
Turcja
52%
Iran
35%
Belgia
32%
Kolumbia
32%
Chorwacja
29%
Holandia
29%
Szwajcaria
23%
Słowenia
13%
Izrael
10%
Armenia
6%
Bahrajn
6%
Gruzja
6%
Katar
6%
Panama
6%

Rozkład punktacji

Percentyl według liczby udzielonych odpowiedzi

Procent ludzi z każdym wynikiem

Twoja historia wyników

Nie rozwiązałeś tego quizu